00940nam a2200229Ia 450000500170000000800410001702000190005810000310007724500570010825000190016530000260018450501480021065000320035865000340039065000440042426401080046833600270057633700330060333800280063604000350066408400110069920220317001149.0160825s2007 ck g 000 0 spa  a978958832120121 aPeláez Q., Gloria Inés10aRoa séptima con catorcecGloria Inés Peláez Q. a1a. edición  a50 páginas c21 cm  aFedra en La Candelaria ; La calle de San Bruno ; El barrio por excelencia ; Tretas y rulos en el Santafé ; Paseo entre Jiménez y diecinueve142LEMB aCuentos colombianos 142LEMB aLiteratura colombiana 142LEMB aVida cotidiana en la literatura  aBogotábAlcaldía Mayor de Bogotá. Secretaría Distrital de CulturacRecreación y Deportec2007 atextobtxt2rdacontent asin mediaciónbn2rdamedia avolumenbnc2rdacarrier aCO-BoRNBPbspaerdacCO-BoRNBP aC PEL2